000 00439nam a2200181Ia 4500
005 20241003103232.0
008 131103s9999 xx 000 0 und d
040 _aLoreto College
041 _aEnglish
082 _a900
_bALI
100 _aAli, Mir Najabat
245 _aMen who discovered the world
_cMir Najabat Ali
260 _aBombay
_bIBH
_c1967
300 _a85p.
_b pic.
650 _aHistory
850 _aLCBED
942 _cBK
999 _c28895
_d79374